A. WESLEY POWELL LEARNING RESOURCE CENTRE (WPLRC)

Wonderful Place to Learn, Research & Collaborate

A-Level chemistry / (Record no. 2511)

MARC details
000 -LEADER
fixed length control field 00852nam a2200313 a 4500
001 - ACCESSION NUMBER
control field 25683,27281,25682
003 - CONTROL NUMBER IDENTIFIER
control field UkOxU
005 - DATE AND TIME OF LATEST TRANSACTION
control field 20150601100330.0
008 - FIXED-LENGTH DATA ELEMENTS--GENERAL INFORMATION
fixed length control field 500101s1994 enka 001 0 eng d
015 ## - NATIONAL BIBLIOGRAPHY NUMBER
National bibliography number GB 95-943
020 ## - INTERNATIONAL STANDARD BOOK NUMBER
International Standard Book Number 0748716882 (pbk)
020 ## - INTERNATIONAL STANDARD BOOK NUMBER
International Standard Book Number 0748717404
035 ## - SYSTEM CONTROL NUMBER
System control number CURL 990748717404(BLi) from jgc00638
040 ## - CATALOGING SOURCE
Transcribing agency dlc
049 ## - LOCAL HOLDINGS (OCLC)
Holding library CU
Local processing data b
Missing elements +
082 ## - DEWEY DECIMAL CLASSIFICATION NUMBER
Classification number 540
Edition number 20
092 ## - LOCALLY ASSIGNED DEWEY CALL NUMBER (OCLC)
Classification number D0502700733
100 1# - MAIN ENTRY--PERSONAL NAME
Personal name Ramsden, E. N.
245 10 - TITLE STATEMENT
Title A-Level chemistry /
Statement of responsibility, etc. E.N. Ramsden
250 ## - EDITION STATEMENT
Edition statement 3rd ed
260 ## - PUBLICATION, DISTRIBUTION, ETC. (IMPRINT)
Place of publication, distribution, etc. Cheltenham :
Name of publisher, distributor, etc. Thornes,
Date of publication, distribution, etc. 1994
300 ## - PHYSICAL DESCRIPTION
Extent xiv, 818 p. :
Other physical details ill. ;
Dimensions 28 cm
500 ## - GENERAL NOTE
General note Previous ed.: 1990
504 ## - BIBLIOGRAPHY, ETC. NOTE
Bibliography, etc Includes index
650 #0 - SUBJECT ADDED ENTRY--TOPICAL TERM
Topical term or geographic name as entry element Chemistry
942 ## - ADDED ENTRY ELEMENTS (KOHA)
Source of classification or shelving scheme Dewey Decimal Classification
Koha item type Books
Holdings
Withdrawn status Lost status Source of classification or shelving scheme Damaged status Not for loan Home library Current library Date acquired Total Checkouts Full call number Barcode Date last seen Price effective from Koha item type
    Dewey Decimal Classification     Wesley Powell Learning Resource Centre Wesley Powell Learning Resource Centre 06/01/2015   RBC/540 RAM 27281 06/01/2015 06/01/2015 Books
    Dewey Decimal Classification   Not For Loan Wesley Powell Learning Resource Centre Wesley Powell Learning Resource Centre 06/01/2015   RBC/540 RAM 25683 06/01/2015 06/01/2015 Books
    Dewey Decimal Classification   Not For Loan Wesley Powell Learning Resource Centre Wesley Powell Learning Resource Centre 06/01/2015   RBC/540 RAM 25682 06/01/2015 06/01/2015 Books